000 00449cam a22001337a 4500
008 180718b1974 xxu||||| |||| 00| 0 eng d
082 _aT3942x54 In2/JUTE/1972
100 _aTariff Commission
245 _aReport on the price structure of Laminated Jute Goods, Bombay 1972
_cby Tariff Commission, India
260 _aDelhi
_bThe Manager of Publications
_c1974
300 _a66+p.
500 _aChairman: D.P. Anand
700 _aAnand, D.P. (Chairman)
999 _c489772
_d489772